00501 a2200181 450000100060000002000150000604000240002110000190004524000380006424500330010230000070013536200060014244000120014865000310016094200070019195201040019899900170030269599 a8586390496 cAnchieta - Itaigara aFurtado, Paula10aFifa a vaquinha fantásticalpor10aFifa a vaquinha fantástica a160 a0 1aÁtica 4aLiteratura infanto-juvenil cBK 00104070a88.1b88.1d2023-11-21l0o028.5 FUR FIFp2080/ITAr2023-11-21 20:04:13w2023-11-21yBK c69599d69599